000 01279cam a2200325 a 4500
001 14502941
003 OSt
005 20160820140207.0
008 060817s2008 maua b 001 0 eng
010 _a 2006027131
020 _a978-0-07-302743-2 (alk. paper)
020 _a007302743X (alk. paper)
040 _aDLC
_cDLC
_dDLC
050 0 0 _aHD31
_b.G58955 2008
082 0 0 _aDC 658
_22008
_bM47m
100 1 _aGomez-Mejia, Luis R.
245 1 0 _aManagement :
_bpeople, performance, change /
_cLuis R. Gomez-Mejia, David B. Balkin, Robert L. Cardy.
250 _aThird Edition
260 _aBoston :
_bMcGraw-Hill Irwin,
_c2008.
300 _axxxviii, 773 pages :
_billustrations (chiefly colored) ;
_c28 cm.
504 _aIncludes bibliographical references (p. 717-735) and index.
650 0 _aManagement.
700 1 _aBalkin, David B.,
_d1948-
700 1 _aCardy, Robert L.,
_d1955-
856 4 1 _3Table of contents only
_uhttp://www.loc.gov/catdir/toc/ecip0619/2006027131.html
856 4 2 _3Publisher description
_uhttp://www.loc.gov/catdir/enhancements/fy0702/2006027131-d.html
906 _a7
_bcbc
_corignew
_d1
_eecip
_f20
_gy-gencatlg
942 _2ddc
_cDC
999 _c3979
_d3979